000
00317nam a2200133Ia 4500
005
20260328101443.0
008
260328s9999||||xx |||||||||||||| ||und||
100
_a
Bonfanti, Ezio
245
0
_a
Arquitectura Racional /
_c
Ezio Bonfanti
260
_b
Alianza
300
_a
304 p.
650
_a
ARQUITECTURA
942
_c
BK
999
_c
8353
_d
8353